| 000 | 00497nam a2200217Ia 4500 | ||
|---|---|---|---|
| 001 | 14290 | ||
| 003 | GE_BSU | ||
| 008 | 181216s||||||||xx |||||||||||||| ||und|| | ||
| 020 | _a9780241951958 | ||
| 040 | _cGE_BSU | ||
| 080 | _a821.111-312.4 | ||
| 100 | _aRocha,Luis Miguel | ||
| 245 | 4 | _aThe Holy Assassin | |
| 245 | _cTranslated by Robin McAllister | ||
| 260 | _aLondon | ||
| 260 | _bPenguin Books | ||
| 260 | _c2007 | ||
| 300 | _a573p.20cm. | ||
| 653 | _aThe Holy Assassin | ||
| 942 | _cBK | ||
| 999 |
_c47428 _d47428 |
||